000 00449pab a2200169 454500
008 180718b2010 xxu||||| |||| 00| 0 eng d
100 _aLee-Smith, Diana
245 _aCities feeding people: An update on urban agriculture in equatorial Africa
260 _c2010
300 _ap.483-499.
362 _aOct
650 _aAgriculture - Africa
650 _aAgriculture
773 _aEnvironment and Urbanization
908 _aN
909 _a89516
999 _c89516
_d89516